Home Countries of UEFA Europa League 2016-17 Teams - Statistics

General Stats
  • This quiz has been taken 306 times
  • The average score is 42 of 48
Answer Stats
Team Country % Correct
Athletic Bilbao Spain
100%
Celta Vigo Spain
100%
Villarreal Spain
100%
Manchester United England
99%
Southampton England
99%
Saint-Étienne France
98%
Nice France
98%
Roma Italy
97%
Sassuolo Italy
97%
Fiorentina Italy
97%
Internazionale Italy
97%
Feyenoord Netherlands
97%
AZ Netherlands
97%
Ajax Netherlands
97%
Mainz 05 Germany
95%
Schalke 04 Germany
95%
Braga Portugal
95%
Zenit Saint Petersburg Russia
95%
Krasnodar Russia
95%
Anderlecht Belgium
93%
Genk Belgium
93%
Standard Liège Belgium
93%
Gent Belgium
93%
Fenerbahçe Turkey
91%
Konyaspor Turkey
91%
Osmanlıspor Turkey
91%
Olympiacos Greece
90%
Panathinaikos Greece
90%
PAOK Greece
90%
Zorya Luhansk Ukraine
90%
Shakhtar Donetsk Ukraine
90%
Austria Wien Austria
89%
Rapid Wien Austria
89%
Red Bull Salzburg Austria
89%
Young Boys Switzerland
87%
Zürich Switzerland
87%
Astra Giurgiu Romania
83%
Steaua București Romania
83%
Viktoria Plzeň Czech Republic
80%
Slovan Liberec Czech Republic
80%
Sparta Prague Czech Republic
80%
Dundalk Republic of Ireland
80%
Maccabi Tel Aviv Israel
71%
Hapoel Be'er Sheva Israel
71%
APOEL Cyprus
62%
Gabala Azerbaijan
59%
Qarabağ Azerbaijan
59%
Astana Kazakhstan
52%
No matching quizzes found
Score Distribution
Percent of People with Each Score
Percentile by Number Answered
Your Score History
You have not taken this quiz